000
00221 a2200097 4500
001
12652
100
_a
Coombs,Jason
245
_a
Powerbuilder 4 Programming for Dummies
260
_a
_b
IDG Books
_c
090
_c
9648
_d
9648
942
_a
NUST-CAE
_c
M
_c
36542
999
_c
247725
_d
247725